नयी बहू की आँखें / (Record no. 33471)

MARC details
000 -LEADER
fixed length control field 01023nam a22002537a 4500
005 - DATE AND TIME OF LATEST TRANSACTION
control field 20180716123600.0
008 - FIXED-LENGTH DATA ELEMENTS--GENERAL INFORMATION
fixed length control field 100104t xxu||||| |||| 00| j hin d
010 ## - LCCN (DPL NO)
LC control number HIN-88877
020 ## - INTERNATIONAL STANDARD BOOK NUMBER
International Standard Book Number 9788189214104
Terms of availability 160.00
020 ## - INTERNATIONAL STANDARD BOOK NUMBER
International Standard Book Number 8189214101
035 ## - SYSTEM CONTROL NUMBER
System control number HN-61223, B-034176
037 ## - SOURCE OF ACQUISITION
Source of stock number/acquisition DBAD / PUB
040 ## - CATALOGING SOURCE
Original cataloging agency DPL
Language of cataloging HN
082 ## - DEWEY DECIMAL CLASSIFICATION NUMBER
Classification number
100 ## - MAIN ENTRY--PERSONAL NAME
Personal name वासुदेव
9 (RLIN) 1473
245 ## - TITLE STATEMENT
Title नयी बहू की आँखें /
Statement of responsibility, etc वासुदेव
246 ## - VARYING FORM OF TITLE
Title proper/short title nai bahu kii ankhen
Remainder of title by Vashudev
260 ## - PUBLICATION, DISTRIBUTION, ETC. (IMPRINT)
Place of publication, distribution, etc दिल्ली
Name of publisher, distributor, etc पीयूष पब्लिशर्स एंड डिस्ट्रीव्यूटर्स
Date of publication, distribution, etc 2008
270 ## - ADDRESS
Address WA,-173, हनुमान मंदिर मार्ग, शकरपुर
City दिल्ली
Postal code 110092
Telephone number 09810136706
300 ## - PHYSICAL DESCRIPTION
Extent 125पृ.
Dimensions 22सेमी (सजिल्द)
650 ## - SUBJECT ADDED ENTRY--TOPICAL TERM
Topical term or geographic name as entry element लघु कथाएँ, हिन्दी
9 (RLIN) 1169
650 ## - SUBJECT ADDED ENTRY--TOPICAL TERM
Topical term or geographic name as entry element Short stories, Hindi
9 (RLIN) 6184
942 ## - ADDED ENTRY ELEMENTS (KOHA)
Source of classification or shelving scheme Dewey Decimal Classification
Item type Hindi Books
Classification part
Call number suffix वासुदे
Holdings
Withdrawn status Lost status Source of classification or shelving scheme Damaged status Not for loan Collection code Home library Current library Date acquired Source of acquisition Cost, normal purchase price Total Checkouts Full call number Barcode Date last seen Copy number Cost, replacement price Koha item type Shelving location
    Dewey Decimal Classification   Not For Loan Fiction D.B.Act.Division D.B.Act.Division 04/01/2010 DBAD / PUB 160.00   क वासुदे HN-61223 04/01/2010 1 160.00 Hindi Books  
    Dewey Decimal Classification     Fiction Patel Nagar Patel Nagar 12/01/2019 BPPD/PUB 150.00   क वासुदे B-034162 12/01/2019   150.00 Hindi Books General Stacks
    Dewey Decimal Classification     Fiction Shahdara Branch Shahdara Branch 16/07/2018 BPPD/PUB 150.00   क वासुदे B-034176 16/07/2018   150.00 Hindi Books  

© Delhi Public Library
Hit Counter
free hit counter